Alvaro Siza, 2001-2008 : el sentido de las cosas = the meaning of things /
| Egile nagusia: | |
|---|---|
| Beste egile batzuk: | , , |
| Formatua: | Liburua |
| Hizkuntza: | Multiple English Spanish |
| Argitaratua: |
Madrid :
El Croquis Editorial,
c2008.
|
| Saila: | Croquis, 140.
|
| Gaiak: | |
| Classic Catalogue: | View this record in Classic Catalogue |
| LEADER | 01289nam a2200325 a 4500 | ||
|---|---|---|---|
| 001 | 00026589 | ||
| 008 | 130309s2008 sp 000 0 mul d | ||
| 999 | |c 13220 |d 13220 | ||
| 020 | |a 9788488386496 | ||
| 022 | |a 0212-5633 | ||
| 040 | |a BD-DhAAL |c BD-DhAAL | ||
| 041 | |a eng |a spa | ||
| 082 | 0 | 0 | |a 720.92243 |2 23 |
| 100 | 1 | |a Siza, Alvaro. |9 32436 | |
| 245 | 1 | 0 | |a Alvaro Siza, 2001-2008 : |b el sentido de las cosas = the meaning of things / |c Alvaro Siza, Juan Domingo Santos, editors, Fernando Marquez Cecilia; Richard Levene |
| 260 | |a Madrid : |b El Croquis Editorial, |c c2008. | ||
| 300 | |a 321 p. : |b ill. (some col.), plans ; |c 34 cm. | ||
| 490 | 1 | |a Croquis, 140. | |
| 526 | |a ARC | ||
| 541 | 1 | |e 00026589 | |
| 546 | |a Text in Spanish and English. | ||
| 600 | 1 | 0 | |a Siza, Alvaro |d 1933- |9 32437 |
| 650 | 0 | |a Architecture, Modern |y 20th century |9 32438 | |
| 700 | 1 | |a Juan,Domingo Santos |9 32439 | |
| 700 | 1 | |a Cecilia, Fernando Marquez. |9 32440 | |
| 700 | 1 | |a Levene, Richard C. |9 32441 | |
| 830 | |a Croquis, 140. |9 32442 | ||
| 852 | 1 | |a Ayesha Abed Library |j General Shelf. | |
| 942 | |2 ddc |c BK | ||
| 952 | |0 0 |1 0 |2 ddc |4 0 |6 720_922430000000000_SIZ |7 0 |9 21998 |a BRACUL |b BRACUL |c GEN |d 2013-03-11 |e Essence Science and Publishers |g 8400.00 |l 6 |m 36 |o 720.92243 SIZ |p 3010026589 |r 2025-10-19 |s 2025-10-11 |t 1 |w 2013-03-11 |y BK | ||